| 000 | 02118nam a22003017a 4500 | ||
|---|---|---|---|
| 001 | 133252 | ||
| 003 | UA-OsUOA | ||
| 005 | 20260629152744.0 | ||
| 007 | ta | ||
| 008 | 20181011b un ||||| |||| 00| 0 ukr d | ||
| 020 | _a966849900Х | ||
| 040 |
_aUA-OsUOA _bukr _cUA-OsUOA _dUA-OsUOA |
||
| 041 | _aukr | ||
| 080 | _a141 | ||
| 090 |
_a141 _bЧ-59 |
||
| 100 |
_aЧижевський Д. _922973 |
||
| 110 |
_aІнститут філософії ім. Г. Сковороди _925553 |
||
| 245 |
_aФілософські твори у чотирьох томах _cпід заг. ред. Василя Лісового |
||
| 260 |
_aК. _bСмолоскип _c2005 |
||
| 300 | _a456 с. | ||
| 505 |
_gТ. 3 _tФілософія життя у Людовіта Штура. Філософська славістика |
||
| 520 | _aЧотиритомне видання філософських творів Дмитра Чижевського (1894-1977) є виданням багатющої спадщини видатного історика філософії України. Воно охоплює усі найважливіші твори Дмитра Чижевського з історії філософії в Україні, української та західноєвропейської філософської думки. Чимало з них вперше з’являються друком в українському перекладі (зі словацької, англійської, німецької та французької мов)., До першого тому включено найважливіші два твори вченого: «Нариси з історії філософії на Україні» (1931) та «Філософія Г. С. Сковороди» (1934). | ||
| 650 | 7 |
_a141 Різновиди систем, концепцій, поглядів, вчень, напрямів _2UDC _92907 |
|
| 700 | 1 |
_aЛісовий В. С. _eред. _925552 |
|
| 942 |
_cBK _2udc |
||
| 955 | _a1 | ||
| 999 |
_c421909 _d421909 |
||